Understanding local area networks

Bibliographic Details
Main Author: SCHATT, Stan
Format: Book
Published: Indiana : Howard W. SAMS & Co , 1990
Edition:2nd. edition
Series:G Beginner's quick start guide
Subjects:

MARC

LEADER 00000cam a2200000 7i4500
001 0000000345
002 000000421
005 20000330.0
020 |a 0672273039 
090 0 0 |a 005.71369   |b SCH 
100 1 |a SCHATT, Stan 
245 1 0 |a Understanding local area networks   |c Stan Schatt 
250 |a 2nd. edition 
260 |a Indiana :   |b Howard W. SAMS & Co ,   |c 1990 
300 |a 288p ;   |c 23cm. 
490 0 |a G Beginner's quick start guide 
650 0 0 |a Local area Network 
999 |a 029603   |b BUKU   |c PINJAMAN   |e PERPUSTAKAAN KOMUNITI PETALING JAYA